Bioethics and moral decisions / (Record no. 291215)
[ view plain ]
| 000 -LEADER | |
|---|---|
| fixed length control field | 00667nam a2200241Ia 4500 |
| 008 - FIXED-LENGTH DATA ELEMENTS--GENERAL INFORMATION | |
| fixed length control field | 160303s9999 xx 000 0 und d |
| 020 ## - INTERNATIONAL STANDARD BOOK NUMBER | |
| International Standard Book Number | 971-118-135-5 |
| 050 ## - LIBRARY OF CONGRESS CALL NUMBER | |
| Classification number | FIL QH 332 |
| 050 ## - LIBRARY OF CONGRESS CALL NUMBER | |
| Item number | .T56 1993 c.2 |
| 100 ## - MAIN ENTRY--PERSONAL NAME | |
| Personal name | Timbreza, Florentino. |
| 245 ## - TITLE STATEMENT | |
| Title | Bioethics and moral decisions / |
| 245 ## - TITLE STATEMENT | |
| Statement of responsibility, etc | Florentino Timbreza. |
| 260 ## - PUBLICATION, DISTRIBUTION, ETC. (IMPRINT) | |
| Place of publication, distribution, etc | Manila: |
| 260 ## - PUBLICATION, DISTRIBUTION, ETC. (IMPRINT) | |
| Name of publisher, distributor, etc | De La Salle University Press, Inc., |
| 260 ## - PUBLICATION, DISTRIBUTION, ETC. (IMPRINT) | |
| Date of publication, distribution, etc | 1993 |
| 300 ## - PHYSICAL DESCRIPTION | |
| Extent | 239 pages : |
| 300 ## - PHYSICAL DESCRIPTION | |
| Other physical details | illustrations ; |
| 300 ## - PHYSICAL DESCRIPTION | |
| Dimensions | 23 cm. |
| 500 ## - GENERAL NOTE | |
| General note | Includes bibliographical referfences and index. |
| 650 ## - SUBJECT ADDED ENTRY--TOPICAL TERM | |
| Topical term or geographic name as entry element | Business ethics -- |
| 650 ## - SUBJECT ADDED ENTRY--TOPICAL TERM | |
| Topical term or geographic name as entry element | Medical ethics. |
| 650 ## - SUBJECT ADDED ENTRY--TOPICAL TERM | |
| General subdivision | Study and teaching. |
| Withdrawn status | Lost status | Damaged status | Home library | Current library | Shelving location | Date acquired | Cost, normal purchase price | Total Checkouts | Full call number | Barcode | Date last seen | Price effective from | Koha item type |
|---|---|---|---|---|---|---|---|---|---|---|---|---|---|
| South Mansfield College | South Mansfield College | Filipiniana Section | 03/07/2005 | 210.00 | FIL QH 332 .T56 1993 c.2 | SMC00432 | 03/03/2016 | 03/03/2016 |